Atatürk Silifkede (Record no. 947)

MARC details
000 -BAŞLIK
Sabit Uzunlukta Kontrol Alanı 00558na a2200205 4500
001 - KONTROL NUMARASI
Denetim Alanı 13895
003 - KONTROL NUMARASI IDENTIFIER
Denetim Alanı MIRAKIL
005 - SON İŞLEM TARİHİ VE ZAMANI
Denetim Alanı 20181213154807.0
008 - SABİT-BOY VERİ ELEMANLARI - GENEL BİLGİLER
Sabit Uzunlukta Kontrol Alanı 160820b tu 000 0
035 ## - SİSTEM KONTROL NUMARASI
Sistem Kontrol Numarası 13895
040 ## - KATALOGLAMA KAYNAK
Orijinal Kataloglama Ajansı Milas
Kataloglama Dili tur
Metne Dönüştürmek Ajansı TR-AnCHP
082 ## - DEWEY ONLU SINIFLANDIRMA NUMARASI
Sınıflandırma Numarası ATA 956.13
Ürün Numarası A74a 1981
090 ## - SINIFLAMA NUMARASI
Sınıflama Numarası ATA 956.13 A74a 1981
100 ## - ANA GİRİŞ - KİŞİSEL İSİM
Kişisel Ad Aslan, İzzet
245 ## - BAŞLIK TABLOSU
Başlık Atatürk Silifkede
Sorumluluk Tablosu, Vb İzzet Aslan
260 ## - YAYIN, DAĞITIM, VB
Yayın, Dağıtım, Vb Yeri [y. y.]
Yayıncı, Dağıtıcı, Vs Adı [yayl. y.]
Yayın, Dağıtım, Vb Tarihi 1981
300 ## - FİZİKSEL TANIM
Kapsam 354 s.
Diğer Fiziksel Ayrıntıları fotg.
Boyutlar 18 sm.
600 ## - KONU KATMA GİRİŞ - KURUMSAL ADI
Kişisel Ad Atatürk, Mustafa Kemal
Bir Adıyla İlişkilendirilen Tarihler 1881-1938
Genel Alt Bölümü Geziler
Coğrafi Alt Bölümü Silifke
942 ## - EKLENDİ GİRİŞ ELEMANLARI (KOHA)
Sınıflandırma Veya Raf Düzeni Kaynak Dewey Decimal Classification
Koha Öğesi Türü Books
999 ## - SİSTEM KONTROL NUMARALARI (KOHA)
Koha Biblionumber 947
Koha Biblioitemnumber 947
Holdings
Kalıcı Konum Mevcut Konum Edinme Tarihi Edinim Kaynak Toplam Check-Out'Lar Tam Çağrı Numarası Barkod Tarih Son Görülme İtibaren Geçerli Fiyatlar Koha Öğesi Türü
CHP Kütüphanesi CHP Kütüphanesi 08/20/2016 Bağış   ATA 956.13 A74a 1981 001730 08/20/2016 08/20/2016 Books